Indian & Western educational philosophy: (Record no. 192871)

MARC details
000 -LEADER
fixed length control field 00641nam a22001817a 4500
005 - DATE AND TIME OF LATEST TRANSACTION
control field 20221007122139.0
010 ## - LCCN (DPL NO)
LC control number ENG-135334
020 ## - INTERNATIONAL STANDARD BOOK NUMBER
International Standard Book Number 9788178062013
Terms of availability 195.00
035 ## - SYSTEM CONTROL NUMBER
System control number EN-118866
037 ## - SOURCE OF ACQUISITION
Source of stock number/acquisition DBAD/PUB
082 ## - DEWEY DECIMAL CLASSIFICATION NUMBER
Classification number 370.1
100 ## - MAIN ENTRY--PERSONAL NAME
Personal name Sharma, A.P.
245 ## - TITLE STATEMENT
Title Indian & Western educational philosophy:
Remainder of title for M.Ed. & B.Ed. students and aspirants to the civil services/
Statement of responsibility, etc by A.P. Sharma
260 ## - PUBLICATION, DISTRIBUTION, ETC. (IMPRINT)
Place of publication, distribution, etc New delhi
Name of publisher, distributor, etc Unicorn books
Date of publication, distribution, etc 2010
270 ## - ADDRESS
Address F-2/16, ansari road, daryaganj
City new delhi
Postal code 110002
Telephone number 011-23275434
Electronic mail address info@unicornbooks.in
300 ## - PHYSICAL DESCRIPTION
Extent 271p.
Dimensions 23cm(pbk)
Other physical details Refrences
942 ## - ADDED ENTRY ELEMENTS (KOHA)
Source of classification or shelving scheme Dewey Decimal Classification
Item type English Books
Call number suffix SHA
Classification part 370.1
Holdings
Withdrawn status Lost status Not for loan Collection code Home library Current library Date acquired Source of acquisition Cost, normal purchase price Full call number Barcode Copy number Cost, replacement price Koha item type
      Non-fiction Bawana Bawana 07/10/2022 DBAD/PUB 195.00 370.1 SHA EN-118866 1 195.00 English Books

© Delhi Public Library
Hit Counter
free hit counter